The effects of temperature and humidity on the eggs of Aedes aegypti (L.) and Aedes albopictus (Skuse) in Texas /

Bibliographic Details
Main Author: Dickerson, Catherine Zindler
Other Authors: Olson, Jimmy K. (Thesis advisor)
Format: Thesis eBook
Language:English
Published: [College Station, Tex.] : [Texas A&M University], [2010]
Subjects:
Online Access:Link to OAK Trust copy

MARC

Tag First Indicator Second Indicator Subfields
LEADER 00000cam a2200000Ka 4500
001 in00002575503
005 20151201150151.0
006 m f d
007 cr unu||||||||
008 100428s2010 txu sbm 000 0 eng d
035 |a (OCoLC)ocn609905076 
035 |a (OCoLC)609905076 
035 |a (TxCM)http://hdl.handle.net/1969.1/ETD-TAMU-2508 
040 |a TXA  |c TXA  |d UtOrBLW 
049 |a TXAM 
099 |a 2007  |a Dissertation  |a 1969.1/ETD-TAMU-2508 
100 1 |a Dickerson, Catherine Zindler. 
245 1 4 |a The effects of temperature and humidity on the eggs of Aedes aegypti (L.) and Aedes albopictus (Skuse) in Texas /  |c by Catherine Zindler Dickerson. 
264 1 |a [College Station, Tex.] :  |b [Texas A&M University],  |c [2010] 
300 |a 1 online resource. 
336 |a text  |b txt  |2 rdacontent 
337 |a computer  |b c  |2 rdamedia 
338 |a online resource  |b cr  |2 rdacarrier 
500 |a "Major Subject: Entomology" 
500 |a Title from author supplied metadata (automated record created 2010-03-12 12:08:51). 
502 |b Doctor of Philosophy  |c Texas A&M University  |d 2007  |o http://hdl.handle.net/1969.1/ETD-TAMU-2508 
504 |a Includes bibliographical references. 
516 |a Text (Dissertation) 
520 3 |a Causative influences that impact the separation of Ae. aegypti and Ae. albopictus populations in different geographic areas were determined, as well as how they are affected by the abiotic conditions as seen in the habitats they frequent in Texas. The eggs of Ae. albopictus and Ae. aegypti collected from McAllen and Brownsville, Texas, and laboratory populations of these two species were subjected to 25 different temperature and relative humidity conditions for up to three months. In most treatments, Ae. aegypti eggs had a greater percent hatch than Ae. albopictus, regardless of temperature or relative humidity. With an increase in relative humidity, the percent hatch for both species increased, but at the higher temperatures of 32° and 35°C the amount of time the eggs were exposed to those temperatures had a greater negative effect on the percent hatch than did the positive effect of increase in relative humidity. The surface area, volume and surface-area-to-volume ratio of Ae. aegypti and Ae. albopictus eggs with and without the chorionic egg pad, and the size of the chorionic egg pad were calculated for fifty eggs of each species of mosquito from populations collected in McAllen and Brownsville and from the laboratory populations. Ae. aegypti had a larger egg volume, and a larger surface area; but, it is likely their larger egg pad compensates for this high surface-area-to-volume ratio by holding moisture along the egg's surface and that the egg pad is associated with the high desiccation resistance seen in Ae. aegypti eggs. Development rates for both species of mosquitoes from populations collected in Galveston and Brownsville, Texas, and laboratory populations were produced by measuring the development time from a hatched egg to the adult at seven temperatures. The temperature optima (28°-33°C) were similar for all populations; however, the rate of development for Ae. aegypti was significantly faster at the temperature optima. It is likely that this faster development rate in the Ae. aegypti population helps to maintain a population in climates that have this range of temperatures given that Ae. albopictus is a superior competitor in the larval and adult stages. 
500 |a Electronic resource. 
650 4 |a Major entomology. 
653 |a Aedes aegypti 
653 |a egg 
653 |a Desiccation 
653 |a Aedes albopictus 
653 |a temperature 
653 |a humidity 
700 1 |a Olson, Jimmy K.,  |e thesis advisor. 
856 4 0 |u http://hdl.handle.net/1969.1/ETD-TAMU-2508  |z Link to OAK Trust copy  |t 0 
948 |a cataloged  |b h  |c 2010/4/28  |d c  |e jgreene  |f 4:34:03 pm 
994 |a C0  |b TXA 
999 |a MARS 
999 f f |s 77c12348-6b19-31bc-9080-11b0a0cb6951  |i 7f68ff3e-a0c0-3e7b-8705-c1ca422c0821  |t 0 
952 f f |a Texas A&M University  |b College Station  |c Electronic Resources  |d Available Online  |t 0  |e 2007 Dissertation 1969.1/ETD-TAMU-2508  |h Other scheme 
998 f f |a 2007 Dissertation 1969.1/ETD-TAMU-2508  |t 0  |l Available Online